000 00664nam a2200265Ia 4500
008 171025s9999 xx 000 0 und d
020 _a9789810698621
050 _a100
050 _bC458 2006
100 _aSaundra, Ciccarelli
245 _aUnderstanding Psychology /
245 _cby Ciccarelli Saundra and Glenn E. Meyer.
260 _aSingapore :
260 _bPrentice Hall,
260 _c2006
300 _axxxvii, 597 pages :
300 _billustrations ;
300 _c25cm.
500 _aIncludes index.
650 _aPsychology --
650 _aPsychology.
650 _xTextbook.
700 _aMeyer, Glenn E.
700 _aTitle.
999 _c344501
_d344501